Cartoon Character Sorting Quiz Stats

 Plays Quiz Updated Jul 19, 2018

Score 0/15 Timer 02:00
10 Plays Today
% Correct
The Simpsons
97.4%
Looney Tunes
97.3%
Family Guy
94.2%
SpongeBob SquarePants
92.7%
Scooby-Doo, Where Are You!
92.4%
The Flintstones
91.4%
The Powerpuff Girls
89.7%
King of the Hill
89.5%
% Correct
Rugrats
86.8%
The Fairly OddParents
79.7%
South Park
78.3%
American Dad!
77.7%
Bob's Burgers
77.5%
Teenage Mutant Ninja Turtles
72.5%
Futurama
70.5%

You're not logged in!

Compare scores with friends on all Sporcle quizzes.
OR
Log In

Sporcle TV

Today on Sporcle TV


Watch our educational content, quiz creation guides, and fun videos on Sporcle TV.

Show Comments

Extras

Top Quizzes Today


Score Distribution

Your Account Isn't Verified!

In order to create a playlist on Sporcle, you need to verify the email address you used during registration. Go to your Sporcle Settings to finish the process.

Report this User

Report this user for behavior that violates our Community Guidelines.

Details: